banner koha

Potencial inseticida de óleos essenciais sobre Tribolium castaneum em milho armazenado (Registro n. 300260)

MARC details
000 -LÍDER
fixed length control field 05153nab a2200325 i 4500
003 - CÓDIGO MARC DA AGÊNCIA CATALOGADORA
Campo de controle BR-BrBNA
005 - DATA E HORA DA ÚLTIMA ATUALIZAÇÃO
Campo de controle 20240627104409.0
008 - CAMPO DE TAMANHO FIXO
fixed length control field 240627b2015 bl.qr|pooa||| 00| 0 por |
040 ## - FONTE DA CATALOGAÇÃO
Agência catalogadora BR-BrBNA
Idioma da catalogação por
072 ## - CATEGORIA AGRIS
Código AGRIS H10
072 ## - CATEGORIA AGRIS
Código AGRIS F60
100 ## - ENTRADA PRINCIPAL - NOME PESSOAL
Nome pessoal Magalhães, C.R.I.
100 ## - ENTRADA PRINCIPAL - NOME PESSOAL
Nome pessoal Oliveira, C.R.F.
100 ## - ENTRADA PRINCIPAL - NOME PESSOAL
Nome pessoal Matos, C.H.C.
100 ## - ENTRADA PRINCIPAL - NOME PESSOAL
Nome pessoal Brito, S.S.S.
100 ## - ENTRADA PRINCIPAL - NOME PESSOAL
Nome pessoal Magalhães, T.A.
100 ## - ENTRADA PRINCIPAL - NOME PESSOAL
Nome pessoal Ferraz, M.S.S.
245 ## - TÍTULO PRINCIPAL
Título principal Potencial inseticida de óleos essenciais sobre Tribolium castaneum em milho armazenado
500 ## - NOTA GERAL
Nota geral Publicação on-line; 41 ref.; 4 tables; 1 illus.; Summaries (En, Pt)
942 ## - ADDED ENTRY ELEMENTS (KOHA)
Koha item type
520 ## - NOTA DE RESUMO
Nota de conteúdo <br/><br/>RESUMO: <br/><br/>O presente trabalho teve como objetivo investigar o potencial inseticida de óleos<br/>essenciais de Croton heliotropiifolius, Croton pulegiodorus, Myracrodruon urundeuva e Ocimum<br/>basilicum sobre adultos de Tribolium castaneum em milho armazenado. Para cada óleo<br/>foram realizados bioensaios de fumigação, repelência e o efeito sobre a taxa instantânea de<br/>crescimento (ri), em cinco concentrações (0; 5; 10; 15 e 20 μL). Os bioensaios foram conduzidos<br/>sob condições constantes de temperatura (28±2 ºC), umidade relativa (70±5%) e escoto fase<br/>de 24 horas. Nos testes de fumigação diferentes concentrações dos óleos foi aplicado em<br/>tiras de papel filtro presas na parte inferior da tampa da câmara de fumigação (1,5L), a qual<br/>continha 20 gramas de substrato alimentar e 10 insetos adultos de T. castaneum não sexados.<br/>A mortalidade dos insetos foi avaliada após 48 horas de exposição. Os testes de repelência<br/>foram efetuados em arenas compostas por dois frascos ligados a uma caixa central. Em um<br/>frasco foi depositado o substrato alimentar com diferentes concentrações do óleo essencial,<br/>e, no outro, foi depositado apenas alimento (testemunha). Dez insetos adultos foram liberados<br/>na caixa central, ficando expostos por 5 dias para avaliação da preferência. Nos bioensaios de<br/>fumigação observou-se atividade inseticida do óleo essencial de M. urundeuva sobre adultos<br/>de T. castaneum. Nos bioensaios de repelência, todos os óleos testados apresentaram efeito<br/>repelente. A emergência de T. castaneum reduziu entre 33 e 100% quando foram criados em<br/>pó de milho tratado com os óleos essenciais. Os óleos essenciais de C. pulegiodorus e O.<br/>basilicum ocasionaram redução do crescimento populacional de T. castaneum em grãos de<br/>milho tratados. Os óleos testados demonstraram ser uma alternativa eficiente de controle para<br/>o uso nos programas de manejo de T. castaneum em unidades armazenadoras.<br/><br/>Palavras-chave: Controle alternativo, inseticidas botânicos, grãos armazenados.
520 ## - NOTA DE RESUMO
Nota de conteúdo <br/><br/>ABSTRACT: <br/><br/>Insecticidal potential of essential oils on Tribolium castaneum in stored<br/>maize. The current work aimed at to investigate the insecticide potential of essential oils of<br/>Croton heliotropiifolius, Croton pulegiodorus, Myracrodruon urundeuva and Ocimum basilicum<br/>on adults of Tribolium castaneum in stored maize. For each oil, it were performed fumigation<br/>tests, repellency and the effect on the instantaneous rate of increase (ri.), in five concentrations<br/>(0; 5; 10; 15 e 20 μL). Bioassays were carried out under constant temperature conditions (28±2<br/>°C), relative humidity (70±5%) and scot phase of 24 hours. In fumigation different concentrations<br/>of test oils were applied on filter paper strips attached on the bottom of the fumigation chamber<br/>cover (1.5 L), which contained 20 grams of food substrate and 10 unsexed adults of T.<br/>castaneum. The insect mortality was recorded after 48 hours of exposure. The repellency tests<br/>were performed in arenas composed of two pots connected to a central box. In a pot it was<br/>deposited feed substrate, with concentrations of the essential oil, in the other pot (control) it<br/>was deposited only food. Ten adult insects were released in the central box, being exposed for<br/>5 days to evaluate the preference. In the fumigation tests, insecticide activity of the essential<br/>oil of M. urundeuva was observed on adults of T. castaneum. In the repellency tests, all the<br/>tested oils presented repellent effect. The emergency of T. castaneum reduced between 33%<br/>and 100% when they were in the powdered maize treated with the essential oils. Maize grains treated with C. pulegiodorus and O. basilicum essential oils caused a significant decrease in<br/>the populations of T. castaneum. The tested oils proved to be an efficient control alternative for<br/>the use in managing programs of T. castaneum in storing units.<br/><br/>Key words: Alternative control, botanical insecticides, stored grains.
650 ## - ASSUNTO - THESAGRO
Cabeçalho tópico ou nome geográfico CONTROLE
650 ## - ASSUNTO - THESAGRO
Cabeçalho tópico ou nome geográfico INSETICIDA
650 ## - ASSUNTO - THESAGRO
Cabeçalho tópico ou nome geográfico GRÃO
650 ## - ASSUNTO - THESAGRO
Cabeçalho tópico ou nome geográfico ARMAZENAMENTO
773 0# - ENTRADA ANALÍTICA
Host Biblionumber 3543
Registro do item 316142
Imprenta Botucatu-SP Instituto de Biociências - Departamento de Química e Bioquímica 1998
Outro identificador 2024-2525
Título Revista Brasileira de Plantas Medicinais (Brazil)
ISSN 1516-0572
Colação v. 17(4 suppl. 3) p. 1150-1158; (2015)
Número de controle de registro BR2024001451
856 ## - ACESSO E ENDEREÇO ELETRÔNICO
Identificador uniforme de recurso - URI https://www.scielo.br/j/rbpm/a/RXGsDrpwdnJcvz5V8H5v3Jf/?format=pdf&lang=pt

Nenhum exemplar disponível.

BINAGRI

Telefone: (61)3218-2567/2388/3357/2097 - binagri@agro.gov.br

Ministério da Agricultura e Pecuária , Esplanada dos Ministérios, Bloco D, Anexo B, Brasília/DF, CEP: 70.043-900